Загрузка...

Anyapadesa Sataka/

Библиографические подробности
Главный автор: Nilakantha Dikstia
Другие авторы: S Subramania Sarma
Формат: Printed Book
Опубликовано: Trivandrum: SB Press, 2008.
Предметы:
LEADER 00570nam a22001697a 4500
020 |a   
082 |a 398.991 2  |b NIL/A 
100 |a Nilakantha Dikstia  |9 90396 
245 |a Anyapadesa Sataka/  |c by Nilakantha Dikstia 
260 |a Trivandrum:  |b SB Press,  |c 2008. 
300 |a 94p. 
650 |a Proverb Sanskrit  |9 90397 
650 |a Social Science  |9 90398 
700 |a S Subramania Sarma  |9 90399 
942 |c BK 
999 |c 139703  |d 139703 
952 |0 0  |1 0  |4 0  |6 398_991000000000000_2_NIL_A  |7 0  |9 96578  |a SSUS  |b SSUS  |c STACKS  |d 2018-12-10  |g 150.00  |o 398.991 2 NIL/A  |p 092626  |r 2018-12-10  |w 2018-12-10  |y BK